00591nam a2200193Ia 4500008004100000020001500041082001200056100001900068245002200087250000800109260003500117300002700152500001900179600003300198650001200231942000700243952013200250999001500382240925s9999 xx 000 0 und d a007112666x a537 KRA aKraus, John D. 0aElectromagnetics  a4th aNew York:bMcGraw-Hillc,1992. aix,773p.bNAfOriginal aIncludes Index aHumanities & Natural Science aPhysics cBK 001040708HUMaUITUbUITUd1995-02-09eParamount Book Pvt Ltdg396.45l0o537 KRApQ0097r2024-09-25 07:11:56w2024-09-25yBK c2596d2596